00258nam a2200097Ia 4500100003800000654001000038245004700048260004000095082001300135546001200148 aGeary/A & Lowry/ H.V/ Hayden/H.A  aMaths aMathematics For Technical Students Part II bEnglish language book societyc2001 a510bGEA aENGLISH